Les 20 meilleurs buteurs de l'OM - Statistiques

Statistiques générales
  • Ce quiz a été pris 667 fois
  • Le résultat moyen est 3 sur 20
Statistiques - réponses
Rang Nombre de buts marqués Joueurs % Correct
2 184 Jean Pierre PAPIN
89%
18 64 André-Pierre GIGNAC
75%
8 100 Mamadou NIANG
64%
3 175 Josip SKOBLAR
40%
1 187 Gunnar ANDERSSON
26%
15 70 Tony CASCARINO
8%
4 148 Emmanuel AZNAR
4%
19 58 Joseph BONNEL
3%
14 72 Marc PASCAL
3%
5 111 Yegba Maya JOSEPH
3%
6 106 Georges DARD
2%
12 77 Jean ROBIN
2%
9 89 Joseph ALCAZAR
2%
20 53 Marc BERDOLL
2%
7 103 Mario ZATELLI
2%
17 66 Roger SCOTTI
2%
16 67 Sarr BOUBACAR
2%
10 89 Willy KOHUT
2%
11 88 Félix PIRONTI
1%
13 73 Louis de Sainte DE MAREVILLE
1%
Aucun quiz correspondant
Distribution des résultats
% des personnes avec chaque résultat
Percentile par nombre de réponses
Votre historique - résultats
Vous n’avez pas pris ce quiz